निराला रचनावाली / (Record no. 53557)

MARC details
000 -LEADER
fixed length control field 00717nam a2200205Ia 4500
005 - DATE AND TIME OF LATEST TRANSACTION
control field 20260429112332.0
008 - FIXED-LENGTH DATA ELEMENTS--GENERAL INFORMATION
fixed length control field 260429s9999||||xx |||||||||||||| ||und||
020 ## - INTERNATIONAL STANDARD BOOK NUMBER
International Standard Book Number 9788126712762
041 ## - LANGUAGE CODE
Language Hindi
082 ## - DEWEY DECIMAL CLASSIFICATION NUMBER
Classification number 891.431
Item number NIR
100 ## - MAIN ENTRY--PERSONAL NAME
Personal name निराला, सूर्यकांत त्रिपाठी
245 #0 - TITLE STATEMENT
Title निराला रचनावाली /
Statement of responsibility, etc सूर्यकांत त्रिपाठी निराला
250 ## - EDITION STATEMENT
Edition statement 7th ed.
260 ## - PUBLICATION, DISTRIBUTION, ETC. (IMPRINT)
Place of publication, distribution, etc नई दिल्ली :
Name of publisher, distributor, etc राजकमल प्रकाशन,
Date of publication, distribution, etc 2022.
300 ## - PHYSICAL DESCRIPTION
Extent 511 p.; hb
440 ## - SERIES STATEMENT/ADDED ENTRY--TITLE
Volume number/sequential designation Vol. 1
650 ## - SUBJECT ADDED ENTRY--TOPICAL TERM
Topical term or geographic name as entry element Collected works
700 ## - ADDED ENTRY--PERSONAL NAME
Personal name नवल, नंदकिशोर
942 ## - ADDED ENTRY ELEMENTS (KOHA)
Koha item type Text Books
Holdings
Withdrawn status Lost status Damaged status Not for loan Collection code Home library Location Shelving location Date of Cataloging Source of acquisition Total Checkouts Full call number Barcode Date last seen Price effective from Koha item type
        Non-fiction CUTN Central Library CUTN Central Library Literature 29/04/2026 Segment Book Distributors, New Delhi - Invoice No. 71458 on 09-02-2026   891.431 NIR 58376 29/04/2026 29/04/2026 Text Books